Administration of rural development in India (Record no. 8838)

MARC details
000 -LEADER
fixed length control field 00620cam a2200217ua 4500
001 - CONTROL NUMBER
control field 9836
005 - DATE AND TIME OF LATEST TRANSACTION
control field 20260515114529.0
008 - FIXED-LENGTH DATA ELEMENTS--GENERAL INFORMATION
fixed length control field 161019n ii |||gr||||Z||||||eng
020 ## - INTERNATIONAL STANDARD BOOK NUMBER
International Standard Book Number 9789384303426
040 ## - CATALOGING SOURCE
Transcribing agency MAIN
041 ## - LANGUAGE CODE
Language code of text/sound track or separate title eng
082 ## - DEWEY DECIMAL CLASSIFICATION NUMBER
Classification number 354.2794
100 ## - MAIN ENTRY--PERSONAL NAME
Personal name Gogoi, Gitamoni Handique,
Relator term Author.
245 ## - TITLE STATEMENT
Title Administration of rural development in India
Statement of responsibility, etc. By Gitamoni Handique Gogoi & Joydev Gogoi
250 ## - EDITION STATEMENT
Edition statement 1st ed.
260 ## - PUBLICATION, DISTRIBUTION, ETC.
Place of publication, distribution, etc. Dibrugarh:
Name of publisher, distributor, etc. Mahaveer publications,
Date of publication, distribution, etc. 2016.
300 ## - PHYSICAL DESCRIPTION
Extent 191p.
653 ## - INDEX TERM--UNCONTROLLED
Uncontrolled term Administration of economy & environment
700 ## - ADDED ENTRY--PERSONAL NAME
Personal name Gogoi, Joydev,
Relator term Author.
942 ## - ADDED ENTRY ELEMENTS (KOHA)
Koha item type Books
Holdings
Withdrawn status Lost status Damaged status Not for loan Home library Current library Shelving location Date acquired Total checkouts Full call number Barcode Date last seen Date last checked out Copy number Price effective from Koha item type
        Naharkatiya College Library Naharkatiya College Library General stacks 09/19/2020 8 354.2794Public administration | GOG 23499 07/30/2021 03/02/2021 2 09/19/2020 Books
        Naharkatiya College Library Naharkatiya College Library General stacks 09/19/2020 8 354.2794Public administration | GOG 23500 09/02/2021 03/02/2021 1 09/19/2020 Books